| 000 -LEADER |
| fixed length control field |
00575cam a22001697a 4500 |
| 008 - FIXED-LENGTH DATA ELEMENTS--GENERAL INFORMATION |
| fixed length control field |
180718b2000 xxu||||| |||| 00| 0 eng d |
| 082 ## - DEWEY DECIMAL CLASSIFICATION NUMBER |
| Classification number |
T3121x54 K143 |
| 100 ## - MAIN ENTRY--PERSONAL NAME |
| Personal name |
Kar, Pratip |
| 245 ## - TITLE STATEMENT |
| Title |
Survey of Indian investors |
| Statement of responsibility, etc. |
by Pratip Kar, I. Natrajan and J.P. Singh |
| 260 ## - PUBLICATION, DISTRIBUTION, ETC. |
| Place of publication, distribution, etc. |
Mumbai |
| Name of publisher, distributor, etc. |
Securities and Exchange Board of India |
| Date of publication, distribution, etc. |
2000 |
| 300 ## - PHYSICAL DESCRIPTION |
| Extent |
v.p. |
| 650 ## - SUBJECT ADDED ENTRY--TOPICAL TERM |
| Topical term or geographic name entry element |
Capitalists and financiers - India |
| 700 ## - ADDED ENTRY--PERSONAL NAME |
| Personal name |
India. National Council of Applied Economic Research |
| 700 ## - ADDED ENTRY--PERSONAL NAME |
| Personal name |
Securities and Exchange Board of India |
| 700 ## - ADDED ENTRY--PERSONAL NAME |
| Personal name |
Singh, J.P. |
| 700 ## - ADDED ENTRY--PERSONAL NAME |
| Personal name |
Natrajan, I. |